| 000 -LEADER |
| fixed length control field |
00882nam a22002057a 4500 |
| 005 - DATE AND TIME OF LATEST TRANSACTION |
| control field |
20240319130417.0 |
| 008 - FIXED-LENGTH DATA ELEMENTS--GENERAL INFORMATION |
| fixed length control field |
240319s1987 ru ||||| |||| 00| 0 rus d |
| 041 ## - LANGUAGE CODE |
| Language code of text/sound track or separate title |
rus |
| 080 ## - UNIVERSAL DECIMAL CLASSIFICATION NUMBER |
| Universal Decimal Classification number |
94(100) M-18 |
| 100 ## - MAIN ENTRY--PERSONAL NAME |
| Personal name |
Малеванный А.М., |
| 9 (RLIN) |
21467 |
| 245 ## - TITLE STATEMENT |
| Title |
Классовая борьба в древнем мире / |
| Statement of responsibility, etc. |
А.М. Малеванный, Е.А. Чиглинцев, А.С. Хофман. |
| 264 ## - PRODUCTION, PUBLICATION, DISTRIBUTION, MANUFACTURE, AND COPYRIGHT NOTICE |
| Place of production, publication, distribution, manufacture |
Казань : |
| Name of producer, publisher, distributor, manufacturer |
Издательство Казанского университета, |
| Date of production, publication, distribution, manufacture, or copyright notice |
1987. |
| 300 ## - PHYSICAL DESCRIPTION |
| Extent |
110 с.; |
| Other physical details |
20 cm. |
| 653 ## - INDEX TERM--UNCONTROLLED |
| keyword |
კლასობრივი ბრძოლა ძველ სამყაროში |
| 653 ## - INDEX TERM--UNCONTROLLED |
| keyword |
ისტორია |
| 653 ## - INDEX TERM--UNCONTROLLED |
| keyword |
არქეოლოგია |
| 700 ## - ADDED ENTRY--PERSONAL NAME |
| Personal name |
Чиглинцев, Е.А. |
| Relator term |
ავტორი |
| 9 (RLIN) |
21468 |
| 700 ## - ADDED ENTRY--PERSONAL NAME |
| Personal name |
Хофман, А.С. |
| 9 (RLIN) |
21469 |
| 942 ## - ADDED ENTRY ELEMENTS (KOHA) |
| Source of classification or shelving scheme |
|
| Koha item type |
წიგნი |